00705nem a2200205 i 4500001000300000245009800003255002000101260005600121300005000177546003200227651002100259655002100280020001500301040000800316041000800324044000800332080002000340008004100360856009800401bg00aTatry :bmapa turystyczna : skala 1 : 30 000 /coprac. wydawca Mapy Ścienne Beata Piętka. aSkala 1:30 000. aKatowice :bMapy Ścienne Beata Piętka,c[2003]. a1 mapa :bkolor. ;c66x93, złoż. 24x14 cm. aDok. kartogr. w jęz. pol. 4aTatryxturystyka aMapy turystyczne a8373450955 cBPK0 apol aPOL a912:338.48(438)110321s2007 pl a |000 0 pol  uhttp://koha.tu.koszalin.pl/cgi-bin/koha/opac-detail.pl?biblionumber=49223yKatalog online BPK